| 000 | 00434nam a2200145Ia 4500 | ||
|---|---|---|---|
| 008 | 240729s9999 xx 000 0 und d | ||
| 022 | _a2475-8116 | ||
| 245 | 0 | _aMarketing Libraries Journal | |
| 260 | _aUnited States | ||
| 260 | _bMarketing Libraries Journal | ||
| 650 | _aBibliography. Library science. Information resources | ||
| 856 | _uhttps://doaj.org/toc/f624579cbd9740b2b909bb9c114e8422 | ||
| 942 | _2ddc | ||
| 942 | _cDOAJEJ | ||
| 999 |
_c72085 _d72085 |
||
| 945 |
_a1 _bMadushi Gamage _c1 _dMadushi Gamage |
||